Les 50 Plus Grosses Ventes De L'Olympique De Marseille - Statistiques

Statistiques générales
  • Ce quiz a été pris 670 fois
    31 depuis la dernière actualisation
  • Le résultat moyen est 34 sur 50
Statistiques - réponses
Joueur Club Acheteur Saison Nationalite Poste Prix Du Transfert Ordre % Correct
DidierDrogba Chelsea 04/05 CoteD'ivoire A 38 500 000 € 2
96%
DimitriPayet West Ham 15/16 France M/A 15 000 000 € 16
96%
FlorianThauvin Newcastle 15/16 France A 18 350 000 € 10
96%
BounaSarr Bayern Munich 20/21 Sénégal D 8 000 000 € 42
92%
ElyeWahi Eintracht Frankfurt 24/25 France A 26 000 00 € 4
92%
FranckRibéry Bayern Munich 07/08 France A 30 000 000 € 3
92%
IsmaelKone Sassuolo 25/26 Canada M 12 500 000 € 24
92%
IsmailaSarr Crystal Palace 24/25 Sénégal A 15 000 000 € 18
92%
JonathanRowe Bologna 25/26 Angleterre A 17 000 000 € 12
92%
LuisHenrique Inter Milan 25/26 Brésil A 23 000 000 € 7
92%
MatteoGuendouzi Lazio 24/25 France M 14 000 000 € 21
92%
Vitinha Genoa 24/25 Portugal A 16 000 000 € 14
92%
André FranckZambo Anguissa Fulham 18/19 Cameroun M 24 850 000 € 5
88%
ArkadiuszMilik Juventus 22/23 Pologne A 7 050 000 € 47
88%
Gerson Flamengo 22/23 Brésil M 15 000 000 € 19
88%
IlimanNdiaye Everton 24/25 Sénégal M/A 18 000 000 € 11
88%
Pierre - EmerickAubameyang Al Qadsiah 24/25 Gabon A 9 000 000 € 37
88%
QuentinMerlin Rennes 25/26 France D 13 000 000 € 22
88%
RobinioVaz Roma 25/26 France A 22 000 000 € 8
88%
DujeCaleta - Car Southampton 22/23 Croatie D 8 000 000 € 40
85%
Jean - PierrePapin Milan 92/93 France A 12 000 000 € 25
85%
RenanLodi Al Hilal 23/24 Brésil D 23 000 000 € 6
85%
CengizUnder Fenerbahce 23/24 Turquie A 15 000 000 € 17
81%
CésarAzpilicueta Chelsea 12/13 Espagne D 8 800 000 € 38
81%
LucasOcampos Séville 19/20 Argentine A 15 000 000 € 20
81%
Luis Suárez Almeria 22/23 Colombie A 8 000 000 € 39
81%
MarioLemina Juventus 16/17 Gabon M 9 800 000 € 32
81%
SamirNasri Arsenal 08/09 France M 16 000 000 € 13
81%
MichyBatshuayi Chelsea 16/17 Belgique A 39 000 000 € 1
77%
MorganSanson Aston Villa 20/21 France M 15 800 000 € 15
77%
BenjaminMendy Monaco 16/17 France D 13 000 000 € 23
73%
IsaakTouré Fc Lorient 23/24 France D 8 000 000 € 44
69%
MathieuValbuena Dynamo Moscou 14/15 France M 7 000 000 € 49
69%
DarrylBakola Sassuolo 25/26 France M 10 000 000 € 31
65%
MarleyAké Juventus 20/21 France A 8 000 000 € 43
65%
Georges - KevinNkoudou Tottenham 16/17 Cameroun A 11 000 000 € 26
62%
GiannelliImbula Porto 15/16 RépubliqueDémocratique Du Congo M 20 000 000 € 9
62%
MamadouNiang Fenerbahce 10/11 Sénégal A 9 000 000 € 35
62%
DjibrilCissé Panathinaikos 09/10 France A 8 000 000 € 41
58%
RobertPirès Arsenal 00/01 France M 9 800 000 € 33
46%
LoicRémy Qpr 12/13 France A 10 500 000 € 29
42%
KarimZiani Wolfsburg 09/10 Algérie M 7 000 000 € 50
27%
AlenBoksic Lazio 93/94 Croatie A 11 000 000 € 27
23%
WilliamGallas Chelsea 01/02 France D 9 300 000 € 34
23%
StéphaneDalmat Psg 00/01 France M 10 750 000 € 28
12%
BenoitPedretti Lyon 05/06 France M 7 500 000 € 45
8%
CyrilDomoraud Inter 99/00 CoteD'ivoire D 7 000 000 € 48
8%
JosephYobo Everton 02/03 Nigéria D 7 500 000 € 46
8%
LucasBernardi Monaco 01/02 Argentine M 9 000 000 € 36
8%
StéphanePorato Monaco 00/01 France G 10 500 000 € 30
8%
Aucun quiz correspondant
Distribution des résultats
% des personnes avec chaque résultat
Percentile par nombre de réponses
Votre historique - résultats
Vous n’avez pas pris ce quiz depuis la dernière actualisation